Rail-Like Birds of North America - Statistics

General Stats
  • This quiz has been taken 8 times
  • The average score is 8 of 9
Answer Stats
Picture Answer % Correct
American Coot
100%
Common Gallinule
100%
Purple Gallinule
100%
Sora
100%
Virginia Rail
100%
Black Rail
71%
King Rail
71%
Yellow Rail
71%
Clapper Rail
57%
No matching quizzes found
Score Distribution
Percent of People with Each Score
Percentile by Number Answered
Your Score History
You have not taken this quiz